00369 a2200145 4500003000400000005001700004008004100021020001800062040000900080082001800089100002300107245004500130260003900175300000900214OSt20231222161825.0231222b |||||||| |||| 00| 0 eng d a9789350720394 coclc a891.43bNAV/K aNaval, Nand Kishor aKAVITA KI MUKTI /cDr. Nand Kishor Naval aNew Delhi:bVani Prakashan,c1996. a151p